| 000 | 00474cam a2200181ua 4500 | ||
|---|---|---|---|
| 020 |
_a81-204-0066-6 _c440.00 |
||
| 041 |
_aeng _h |
||
| 082 |
_a636 _bBAN/TE |
||
| 100 | _aBanerjee, G C . | ||
| 245 |
_aText book of animal husbandry / _cG C Banerjee. _hTextual Documents |
||
| 260 |
_aNew Delhi : _bOxford & IBH Publishing company , _c2006. |
||
| 300 | _a736 ; . | ||
| 365 | _a440.00 | ||
| 504 | _a | ||
| 942 | _cBK | ||
| 999 |
_c9669 _d9669 |
||